000 01543ngm a2200349 4500
003 dpl
005 20090105141932.0
007 DVD
008 ||||||sp199 xxu|||||c ||| 00| 0 ng d
010 _aDVD-001872-1874
024 _aPVCD-028
_c31.00
035 _aDVD-001872-1874
040 _aDPL
_cDPL
082 _aDVD / DEEW
245 _aDeewana Mujhsa Nahin
_cPriya VCD Presents
_h[videorecording] DVD/
260 _bShanti Enterprises
_aNew Delhi
270 _aNeelkant Chamber-I, L.S.C. Saini enclave, Vikas Marg, Delhi- 110 0092
300 _a2 videodisc VCD;
_bsd., col. ;
_c4 3/4 in.
_fVCD
440 _aPriya VCD
500 _aThe Company assures that these VCD's made with very high technology.
538 _aDolby Digital 5.1 - Hindi Subtitles: English
650 _aMotion Picture
700 _aNageshwar Rao, Y.
700 _aAnand Milland
700 _aKhan, Amir
700 _aDixit Madhuri
942 _cCF
_2ddc
_hVCD
_mDEEW
999 _c20585
_d20585